[Event "GER-ch Net Amateur Gr-A Final"]
[Site "Playchess.com INT"]
[Date "2020.04.18"]
[Round "6"]
[White "Yankelevich, Michael"]
[Black "Henning, Marvin"]
[Result "1-0"]
[WhiteElo "1994"]
[BlackElo "2227"]
[PlyCount "75"]
[EventDate "2020.04.18"]
[EventType "swiss (blitz)"]
[EventRounds "13"]
[EventCountry "GER"]
[SourceTitle "CBM 195 Extra"]
[Source "ChessBase"]
[SourceDate "2020.05.31"]
[SourceVersion "1"]
[SourceVersionDate "2020.05.31"]
[SourceQuality "1"]

1. e4 d5 2. exd5 Qxd5 3. Nc3 Qd6 4. Nf3 Nf6 5. Be2 g6 6. 0-0 Bg7 7. d4 0-0 8. h3 c6 9. Re1 Nbd7 10. Be3 Nb6 11. Qd2 Rd8 12. Rad1 Bf5 13. Bd3 Bxd3 14. Qxd3 e6 15. b3 Rac8 16. Ne4 Nxe4 17. Qxe4 Nd5 18. Bg5 Re8 19. Qd3 a5 20. c4 Nf6 21. Ne5 Qc7 22. Qf3 Nh5 23. g4 f6 24. gxh5 fxe5 25. hxg6 hxg6 26. dxe5 Rf8 27. Qg4 Rf5 28. Bf6 Bxf6 29. exf6 Kf7 30. Rd3 Rxf6 31. Red1 Qe5 32. Rd7+ Ke8 33. Qh4 Rf7 34. Rxf7 Kxf7 35. Rd7+ Kf8 36. Qe7+ Kg8 37. Qf7+ Kh8 38. Qh7# 1-0

[Event "GER-ch Net Amateur Gr-A Final"]
[Site "Playchess.com INT"]
[Date "2020.04.18"]
[Round "12"]
[White "Yankelevich, Michael"]
[Black "Kahlert, Thomas"]
[Result "0-1"]
[WhiteElo "1994"]
[BlackElo "2068"]
[PlyCount "76"]
[EventDate "2020.04.18"]
[EventType "swiss (blitz)"]
[EventRounds "13"]
[EventCountry "GER"]
[SourceTitle "CBM 195 Extra"]
[Source "ChessBase"]
[SourceDate "2020.05.31"]
[SourceVersion "1"]
[SourceVersionDate "2020.05.31"]
[SourceQuality "1"]

1. e4 e5 2. Nf3 Nc6 3. Bc4 Nf6 4. d3 Be7 5. c3 0-0 6. Bb3 d5 7. Qe2 dxe4 8. dxe4 h6 9. Nbd2 Bc5 10. h3 Qe7 11. Nf1 Be6 12. Bc2 a6 13. Ng3 Rfd8 14. Nh2 Rd7 15. Ng4 Nxg4 16. hxg4 Rad8 17. Qf3 Qf6 18. Nf5 Bxf5 19. exf5 e4 20. Qh3 e3 21. fxe3 Ne5 22. e4 Nd3+ 23. Bxd3 Rxd3 24. g3 Qe5 25. Qg2 Rxg3 26. Qe2 Rdd3 27. Rf1 Rge3 28. Bxe3 Rxe3 29. Qxe3 Bxe3 30. Ke2 Qxe4 31. Rae1 Bg5+ 32. Kf2 Qxg4 33. Re2 Qxf5+ 34. Kg2 Qg4+ 35. Kf2 f5 36. Ke1 Qg3+ 37. Kd1 Qd3+ 38. Ke1 Bh4+ 0-1

[Event "GER-ch Net Amateur Gr-A Vor3"]
[Site "Playchess.com INT"]
[Date "2020.04.16"]
[Round "4"]
[White "Acikel, Mert"]
[Black "Yankelevich, Michael"]
[Result "1-0"]
[WhiteElo "1814"]
[BlackElo "2040"]
[PlyCount "103"]
[EventDate "2020.04.16"]
[EventType "swiss (blitz)"]
[EventRounds "9"]
[EventCountry "GER"]
[SourceTitle "CBM 195 Extra"]
[Source "ChessBase"]
[SourceDate "2020.05.31"]
[SourceVersion "1"]
[SourceVersionDate "2020.05.31"]
[SourceQuality "1"]

1. e4 c5 2. Nf3 Nc6 3. d4 cxd4 4. Nxd4 e5 5. Nb5 a6 6. Nd6+ Bxd6 7. Qxd6 Qe7 8. Qd1 Nf6 9. Nc3 Nd4 10. Bd3 0-0 11. 0-0 h6 12. Re1 d6 13. h3 Be6 14. Be3 Nc6 15. a3 Rac8 16. Qe2 b5 17. f4 exf4 18. Bxf4 Ne5 19. Bxe5 dxe5 20. Rad1 Rfd8 21. Qf3 Rd7 22. Qg3 Bc4 23. Bxc4 Rxd1 24. Rxd1 Rxc4 25. Qf3 Kh7 26. Nd5 Nxd5 27. exd5 Qd6 28. Qxf7 Rf4 29. Qe6 Qc5+ 30. Kh2 Qxc2 31. Rg1 Qf5 32. Qxf5+ Rxf5 33. d6 Rf8 34. d7 Kg6 35. Rd1 Rd8 36. Kg3 Kf5 37. Kf3 Ke6 38. Ke4 g6 39. b4 h5 40. Rd5 Kf6 41. Rd6+ Ke7 42. Kxe5 g5 43. Rh6 g4 44. Rxh5 gxh3 45. Rh7+ Kf8 46. Rh8+ Ke7 47. Rxd8 Kxd8 48. gxh3 Kxd7 49. h4 Ke7 50. h5 Kf7 51. Kd5 Kg7 52. Kc6 1-0

[Event "GER-ch Net Amateur Gr-A Vor3"]
[Site "Playchess.com INT"]
[Date "2020.04.16"]
[Round "6"]
[White "Yankelevich, Michael"]
[Black "Kreigenfeld, Sven"]
[Result "1-0"]
[WhiteElo "2020"]
[BlackElo "1806"]
[PlyCount "47"]
[EventDate "2020.04.16"]
[EventType "swiss (blitz)"]
[EventRounds "9"]
[EventCountry "GER"]
[SourceTitle "CBM 195 Extra"]
[Source "ChessBase"]
[SourceDate "2020.05.31"]
[SourceVersion "1"]
[SourceVersionDate "2020.05.31"]
[SourceQuality "1"]

1. e4 d5 2. exd5 Qxd5 3. Nc3 Qa5 4. Nf3 c6 5. Be2 Bg4 6. h3 Bh5 7. 0-0 Nf6 8. d3 e6 9. Bd2 Qc7 10. Be3 Nbd7 11. Qd2 Be7 12. Bf4 e5 13. Bg3 Nd5 14. Nxd5 cxd5 15. d4 f6 16. dxe5 Nxe5 17. Nxe5 Bxe2 18. Qxe2 fxe5 19. Bxe5 Qc6 20. Bxg7 Rg8 21. Bd4 Rg6 22. Rfe1 Qd7 23. Qe5 Qxh3 24. Qxe7# 1-0

[Event "GER-ch Net Amateur Gr-A Vor3"]
[Site "Playchess.com INT"]
[Date "2020.04.16"]
[Round "1"]
[White "Yankelevich, Michael"]
[Black "Ruprecht, Martin"]
[Result "0-1"]
[WhiteElo "2091"]
[BlackElo "1845"]
[PlyCount "56"]
[EventDate "2020.04.16"]
[EventType "swiss (blitz)"]
[EventRounds "9"]
[EventCountry "GER"]
[SourceTitle "CBM 195 Extra"]
[Source "ChessBase"]
[SourceDate "2020.05.31"]
[SourceVersion "1"]
[SourceVersionDate "2020.05.31"]
[SourceQuality "1"]

1. e4 e6 2. d4 d5 3. Bd3 dxe4 4. Bxe4 Nf6 5. Bf3 Be7 6. Ne2 0-0 7. 0-0 Nbd7 8. c4 c5 9. d5 exd5 10. cxd5 Ne5 11. Nf4 Nxf3+ 12. Qxf3 Bg4 13. Qd3 Bd6 14. Nc3 Re8 15. Be3 Qd7 16. h3 Bf5 17. Qc4 Ne4 18. Rad1 Nxc3 19. Qxc3 b6 20. a3 Re4 21. Nd3 Bxh3 22. Bf4 Bxg2 23. Bxd6 Bxf1 24. Kxf1 Qxd6 25. f3 Re3 26. Kf2 Rae8 27. Rg1 Qh2+ 28. Rg2 Re2+ 0-1

[Event "GER-chT U20"]
[Site "Braunschweig"]
[Date "2019.12.27"]
[Round "1.8"]
[White "Stelmaszyk, Nico"]
[Black "Yankelevich, Michael"]
[Result "1-0"]
[WhiteElo "2194"]
[BlackElo "2064"]
[PlyCount "185"]
[EventDate "2019.12.27"]
[EventType "team-swiss"]
[EventRounds "7"]
[EventCountry "GER"]
[SourceTitle "CBM 194 Extra"]
[Source "ChessBase"]
[SourceDate "2020.03.31"]
[SourceVersion "1"]
[SourceVersionDate "2020.03.31"]
[SourceQuality "1"]
[WhiteTeam "Lehrte"]
[BlackTeam "Trier SG"]
[WhiteTeamCountry "GER"]
[BlackTeamCountry "GER"]

1. e4 c5 2. c3 d5 3. exd5 Qxd5 4. d4 Nc6 5. Nf3 Bg4 6. Be2 cxd4 7. cxd4 e6 8. Nc3 Bb4 9. 0-0 Bxc3 10. bxc3 Nf6 11. Ba3 Qd7 12. h3 Bxf3 13. Bxf3 Ne7 14. Qb3 Rb8 15. Bxe7 Qxe7 16. Qa4+ Qd7 17. Qxa7 0-0 18. Rfb1 b6 19. Qxd7 Nxd7 20. Rb4 Rfc8 21. c4 Rc7 22. c5 bxc5 23. Rxb8+ Nxb8 24. dxc5 Rxc5 25. Rd1 Rc8 26. Bb7 Re8 27. a4 g6 28. a5 Kg7 29. a6 Nxa6 30. Bxa6 Ra8 31. Bb7 Ra7 32. Rd7 h6 33. Bc6 Ra1+ 34. Kh2 Rc1 35. Bb5 Kf6 36. Rb7 Rc8 37. Ba4 Ra8 38. Rb4 Rc8 39. Rf4+ Kg7 40. Rf3 Ra8 41. Bb3 Rd8 42. Kg1 Rc8 43. Kf1 Rb8 44. Ke2 Rc8 45. Kd3 Rd8+ 46. Kc3 Rc8+ 47. Bc4 Ra8 48. Kb4 Rb8+ 49. Bb5 Rc8 50. Rc3 Rd8 51. Rd3 Rc8 52. Rf3 Kf8 53. Bd7 Rb8+ 54. Kc5 Ke7 55. Bb5 Rc8+ 56. Bc6 Rd8 57. Be4 Rd2 58. Kc4 Rd8 59. Kc3 Rc8+ 60. Kd2 Rd8+ 61. Ke2 Rb8 62. g3 Rb4 63. Bd3 Rb8 64. Kf1 Rd8 65. Kg2 Rd5 66. h4 h5 67. Be2 Rd2 68. Re3 Kf6 69. f3 Rb2 70. g4 hxg4 71. fxg4 Rc2 72. Kg3 Rc5 73. Bf3 Rb5 74. Re4 Rb3 75. Rf4+ Kg7 76. g5 Rc3 77. Ra4 Rc7 78. Kf4 Rc5 79. Rb4 Rf5+ 80. Kg4 Rc5 81. Kf4 Rf5+ 82. Ke3 Ra5 83. Rb7 Rc5 84. Be4 Ra5 85. h5 Rxg5 86. hxg6 Rg1 87. Rxf7+ Kg8 88. Re7 Ra1 89. Rxe6 Kf8 90. Kf4 Kg8 91. Kg5 Rc1 92. Kh6 Rc8 93. Bd5 1-0

[Event "Staufer op 31st"]
[Site "Schwaebisch Gmuend"]
[Date "2019.01.05"]
[Round "8"]
[White "Hahn, Markus"]
[Black "Yankelevich, Michael"]
[Result "1-0"]
[WhiteElo "2270"]
[BlackElo "1997"]
[PlyCount "85"]
[EventDate "2019.01.02"]
[EventType "swiss"]
[EventRounds "9"]
[EventCountry "GER"]
[SourceTitle "CBM 188 Extra"]
[Source "ChessBase"]
[SourceDate "2019.02.26"]
[SourceVersion "1"]
[SourceVersionDate "2019.02.26"]
[SourceQuality "1"]

1. d4 d5 2. Nf3 Nf6 3. c4 c6 4. Qc2 e6 5. g3 Nbd7 6. Bg2 Bd6 7. 0-0 0-0 8. Nc3 h6 9. e4 dxe4 10. Nxe4 Nxe4 11. Qxe4 Nf6 12. Qe2 Re8 13. Rd1 Qe7 14. a3 e5 15. dxe5 Bxe5 16. Nxe5 Qxe5 17. Qxe5 Rxe5 18. Rd8+ Re8 19. Rxe8+ Nxe8 20. Be3 Be6 21. b3 Nf6 22. f3 Nd7 23. g4 Nb6 24. Rd1 Kf8 25. a4 Nd7 26. h3 Ke8 27. Re1 Kd8 28. a5 a6 29. Kf2 Kc7 30. Bf4+ Kc8 31. Bd6 Kd8 32. Bf1 Nf6 33. Bf8 Ne8 34. f4 Bd7 35. f5 Rb8 36. c5 h5 37. Bc4 hxg4 38. hxg4 g6 39. Bxf7 gxf5 40. g5 Kc7 41. g6 Rd8 42. Rxe8 Bxe8 43. Bxe8 1-0

[Event "Heusenstamm Sparkassen op-A 5th"]
[Site "Heusenstamm"]
[Date "2018.11.25"]
[Round "7"]
[White "Papadopoulos, Ioannis1111"]
[Black "Yankelevich, Michael"]
[Result "1/2-1/2"]
[WhiteElo "1796"]
[BlackElo "1978"]
[PlyCount "40"]
[EventDate "2018.11.22"]
[EventType "swiss"]
[EventRounds "7"]
[EventCountry "GER"]
[SourceTitle "CBM 188 Extra"]
[Source "ChessBase"]
[SourceDate "2019.02.26"]
[SourceVersion "1"]
[SourceVersionDate "2019.02.26"]
[SourceQuality "1"]

1. e4 c5 2. Nf3 e6 3. d4 cxd4 4. Nxd4 Bc5 5. Nb3 Bb6 6. Bd3 Ne7 7. Nc3 Nbc6 8. 0-0 0-0 9. Na4 Bc7 10. f4 d5 11. e5 f6 12. exf6 Rxf6 13. Nc3 Nf5 14. Bxf5 Rxf5 15. Be3 Bb6 16. Nd4 Rf8 17. Kh1 Qh4 18. Nf3 Qd8 19. Bxb6 Qxb6 20. Qd3 Nb4 1/2-1/2

[Event "Youth District Germany"]
[Site "Wuerzburg"]
[Date "2018.10.05"]
[Round "5.3"]
[White "Koelle, Tobias"]
[Black "Yankelevich, Michael"]
[Result "1-0"]
[WhiteElo "2125"]
[BlackElo "1961"]
[PlyCount "127"]
[EventDate "2018.10.02"]
[EventType "team-swiss"]
[EventRounds "7"]
[EventCountry "GER"]
[SourceTitle "CBM 186 Extra"]
[Source "ChessBase"]
[SourceDate "2018.08.24"]
[SourceVersion "1"]
[SourceVersionDate "2018.08.24"]
[SourceQuality "1"]
[WhiteTeam "Wuerttemberg U20"]
[BlackTeam "Rheinland Pfalz U20"]
[WhiteTeamCountry "GER"]
[BlackTeamCountry "GER"]

1. d4 d5 2. c4 e6 3. Nc3 c6 4. e3 Bd6 5. Nf3 f5 6. Bd3 Nh6 7. Qc2 0-0 8. b3 Nd7 9. Bb2 b6 10. 0-0 Bb7 11. a4 a5 12. Ba3 Qe7 13. Bxd6 Qxd6 14. Ne2 Rac8 15. cxd5 exd5 16. Ng3 Qf6 17. Qb2 c5 18. Bb5 Bc6 19. Bxc6 Rxc6 20. Ne5 Nxe5 21. dxe5 Qh4 22. Ne2 Re8 23. h3 Qe4 24. Rad1 Qxe5 25. Qxe5 Rxe5 26. Rd2 c4 27. Rb1 cxb3 28. Rxb3 Re4 29. Nd4 Rc4 30. Rxb6 f4 31. Nb5 Rc1+ 32. Kh2 fxe3 33. fxe3 Rxa4 34. Rxd5 Rf1 35. Rd7 Rf8 36. Rbb7 Nf5 37. Nd4 Rb4 38. Ra7 a4 39. Nxf5 Rxf5 40. Rxg7+ Kf8 41. Rxh7 Kg8 42. Rhd7 Re4 43. Rd8+ Rf8 44. Rd4 Rxe3 45. Rg4+ Kh8 46. Raxa4 Re7 47. Rh4+ Rh7 48. Rxh7+ Kxh7 49. Ra6 Rb8 50. h4 Kg7 51. Kh3 Kh7 52. g3 Kg7 53. h5 Kh7 54. Kh4 Kg7 55. g4 Kh7 56. Ra7+ Kh8 57. h6 Rc8 58. Kh5 Rb8 59. g5 Rc8 60. Ra5 Rb8 61. g6 Rc8 62. Rd5 Rf8 63. g7+ Kh7 64. gxf8N+ 1-0

[Event "Youth District Germany"]
[Site "Wuerzburg"]
[Date "2018.10.04"]
[Round "3.3"]
[White "Yankelevich, Michael"]
[Black "Philipp, Mathias"]
[Result "1/2-1/2"]
[WhiteElo "1961"]
[BlackElo "2076"]
[PlyCount "96"]
[EventDate "2018.10.02"]
[EventType "team-swiss"]
[EventRounds "7"]
[EventCountry "GER"]
[SourceTitle "CBM 186 Extra"]
[Source "ChessBase"]
[SourceDate "2018.08.24"]
[SourceVersion "1"]
[SourceVersionDate "2018.08.24"]
[SourceQuality "1"]
[WhiteTeam "Rheinland Pfalz U20"]
[BlackTeam "Thueringen U20"]
[WhiteTeamCountry "GER"]
[BlackTeamCountry "GER"]

1. e4 d6 2. d4 Nf6 3. Nc3 e5 4. Nf3 Nbd7 5. Bc4 Be7 6. a4 c6 7. Ba2 a5 8. 0-0 h6 9. Qd3 g5 10. Re1 Qc7 11. Ne2 Nf8 12. Ng3 Rh7 13. Be3 Ng4 14. Nf5 Nxe3 15. Rxe3 Bxf5 16. exf5 f6 17. Rd1 h5 18. Nd2 d5 19. f3 0-0-0 20. c3 Bd6 21. Nf1 Nd7 22. Re2 g4 23. Kh1 Rg7 24. Rb1 gxf3 25. Qxf3 Rg4 26. dxe5 fxe5 27. Qh3 Nf6 28. Bb3 e4 29. Ne3 Rg5 30. Rd1 Be5 31. Bc2 c5 32. Qh4 Qg7 33. Nxd5 Rxd5 34. Rxd5 Nxd5 35. Qxe4 Nf4 36. Qxe5 Nxe2 37. Qxe2 Kb8 38. Qf2 Qf6 39. Qxc5 Rg4 40. Qe3 h4 41. Qe8+ Ka7 42. Qe2 Rg7 43. h3 Re7 44. Qf2+ Ka8 45. Qd4 Re1+ 46. Kh2 Qg5 47. Qh8+ Ka7 48. Qd4+ Ka8 1/2-1/2

[Event "GER-ch U16"]
[Site "Willingen"]
[Date "2018.05.24"]
[Round "7"]
[White "Knuedel, Torben"]
[Black "Yankelevich, Michael"]
[Result "1-0"]
[WhiteElo "2012"]
[BlackElo "2031"]
[PlyCount "97"]
[EventDate "2018.05.19"]
[EventType "swiss"]
[EventRounds "9"]
[EventCountry "GER"]
[SourceTitle "CBM 184 Extra"]
[Source "ChessBase"]
[SourceDate "2018.06.28"]
[SourceVersion "1"]
[SourceVersionDate "2018.06.28"]
[SourceQuality "1"]

1. e4 c5 2. Nf3 e6 3. d4 cxd4 4. Nxd4 Bc5 5. Be3 Qb6 6. Nc3 Nc6 7. Na4 Qa5+ 8. c3 Bxd4 9. Bxd4 Nxd4 10. Qxd4 e5 11. Qb4 Qxb4 12. cxb4 Nf6 13. Nc3 0-0 14. Bc4 d6 15. 0-0-0 Rd8 16. Rd2 Kf8 17. Rhd1 Ke7 18. f3 Be6 19. Bxe6 fxe6 20. Kb1 a6 21. Rc1 b5 22. Rdc2 Rd7 23. Nd1 d5 24. Nf2 Rad8 25. Nd3 dxe4 26. Nxe5 exf3 27. gxf3 Nd5 28. Nc6+ Kf6 29. Nxd8 Rxd8 30. a3 Kf5 31. Rc6 Ra8 32. Rd6 a5 33. bxa5 Rxa5 34. Rd7 Kf6 35. Rg1 Ne7 36. Rb7 h5 37. Kc2 Nf5 38. Kc3 g5 39. Rd1 Ne3 40. Rdd7 Nd5+ 41. Kd4 Ra4+ 42. Kc5 b4 43. axb4 Ra2 44. b5 Rxb2 45. Kd6 Rxh2 46. Rf7+ Kg6 47. Rg7+ Kf5 48. Rbf7+ Nf6 49. Ke7 1-0

[Event "Rheinland Pfalz op 10th"]
[Site "Nickenich"]
[Date "2018.05.03"]
[Round "7"]
[White "Fetzer, Roman"]
[Black "Yankelevich, Michael"]
[Result "1-0"]
[WhiteElo "1745"]
[BlackElo "1986"]
[PlyCount "57"]
[EventDate "2018.05.31"]
[EventType "swiss"]
[EventRounds "7"]
[EventCountry "GER"]
[SourceTitle "EXT 2019"]
[Source "ChessBase"]
[SourceDate "2018.10.10"]
[SourceVersion "1"]
[SourceVersionDate "2018.10.10"]
[SourceQuality "1"]

1. e4 c5 2. Nf3 e6 3. d4 cxd4 4. Nxd4 Bc5 5. Nb3 Bb6 6. Be2 Ne7 7. Nc3 0-0 8. Bg5 Nbc6 9. Qd2 f5 10. exf5 Rxf5 11. Be3 d5 12. Bxb6 Qxb6 13. 0-0 Bd7 14. Bg4 Rf6 15. Na4 Qc7 16. Nac5 Raf8 17. Nxd7 Qxd7 18. Nc5 Qc8 19. Rae1 Nd8 20. Qe3 Nf5 21. Bxf5 exf5 22. Qd4 Qc6 23. Re7 R6f7 24. Rfe1 Qd6 25. Rxf7 Nxf7 26. Ne6 Ne5 27. Qxe5 Qxe5 28. Rxe5 Re8 29. Re2 1-0

[Event "GER-chT Lands U20"]
[Site "Hannover"]
[Date "2017.10.03"]
[Round "5.4"]
[White "Yankelevich, Michael"]
[Black "Trifan, Andrei Ioan"]
[Result "1/2-1/2"]
[WhiteElo "1964"]
[BlackElo "2115"]
[PlyCount "132"]
[EventDate "2017.09.29"]
[EventType "team-swiss"]
[EventRounds "7"]
[EventCountry "GER"]
[SourceTitle "EXT 2018"]
[Source "ChessBase"]
[SourceDate "2017.10.13"]
[SourceVersion "1"]
[SourceVersionDate "2017.10.13"]
[SourceQuality "1"]
[WhiteTeam "Rheinland Pfalz U20"]
[BlackTeam "Baden U20"]
[WhiteTeamCountry "GER"]
[BlackTeamCountry "GER"]

1. d4 Nf6 2. Nf3 g6 3. Nbd2 Bg7 4. e4 0-0 5. c3 d6 6. Bd3 e5 7. 0-0 Nc6 8. h3 Nh5 9. Nb3 Qe8 10. Re1 f5 11. exf5 gxf5 12. dxe5 dxe5 13. Ng5 h6 14. Bc4+ Kh8 15. Nf7+ Rxf7 16. Qxh5 Rf8 17. Qh4 Qg6 18. Be2 f4 19. Bh5 Bf6 20. Bxg6 Bxh4 21. Be4 Rg8 22. Kf1 Be6 23. Nc5 Bc4+ 24. Kg1 Raf8 25. Bf3 e4 26. Nxe4 Ne5 27. Nd2 Re8 28. Kh1 Bxf2 29. Nxc4 Bxe1 30. Nxe5 Rxe5 31. Bxf4 Re7 32. Kh2 Kh7 33. Rd1 Rf8 34. g3 Bf2 35. Kg2 Be3 36. Bxe3 Rxe3 37. Rd7+ Kh8 38. Bh5 Rg8 39. Bf3 Rf8 40. Bh5 Re5 41. Bf3 Ref5 42. Rd3 c5 43. b3 b5 44. g4 c4 45. Re3 R5f6 46. Kg3 Ra6 47. Re2 Ra3 48. Bd5 Rd8 49. Re5 Rxa2 50. bxc4 bxc4 51. Bxc4 Ra3 52. Kh4 Rxc3 53. Be2 Ra8 54. Ba6 Ra3 55. Re6 Kg7 56. Bc4 a5 57. Re7+ Kf6 58. Re6+ Kg7 59. Re7+ Kh8 60. Kh5 Rc3 61. Be6 Rg8 62. Bxg8 Kxg8 63. h4 Rc6 64. Ra7 a4 65. Rxa4 Kg7 66. Ra7+ Kg8 1/2-1/2

[Event "GER-chT Lands U20"]
[Site "Hannover"]
[Date "2017.10.01"]
[Round "2.4"]
[White "Nguyen, Alex Dac Vuong"]
[Black "Yankelevich, Michael"]
[Result "1/2-1/2"]
[WhiteElo "2042"]
[BlackElo "1964"]
[PlyCount "103"]
[EventDate "2017.09.29"]
[EventType "team-swiss"]
[EventRounds "7"]
[EventCountry "GER"]
[SourceTitle "EXT 2018"]
[Source "ChessBase"]
[SourceDate "2017.10.13"]
[SourceVersion "1"]
[SourceVersionDate "2017.10.13"]
[SourceQuality "1"]
[WhiteTeam "Sachsen U20"]
[BlackTeam "Rheinland Pfalz U20"]
[WhiteTeamCountry "GER"]
[BlackTeamCountry "GER"]

1. Nf3 c5 2. g3 d5 3. Bg2 Nf6 4. 0-0 e6 5. c4 Nc6 6. d4 dxc4 7. Qa4 Bd7 8. Qxc4 Rc8 9. dxc5 Qa5 10. Nc3 Bxc5 11. a3 Ne7 12. Qd3 Ng6 13. Bg5 Be7 14. b4 Qc7 15. Rac1 Qd6 16. Qe3 Qa6 17. Bxf6 Bxf6 18. Ne4 Be7 19. Rxc8+ Bxc8 20. Nc5 Qb6 21. h4 Bxc5 22. bxc5 Qa6 23. h5 Ne7 24. Qg5 Rg8 25. Qe5 f6 26. Qe4 Qxa3 27. Qc4 Nc6 28. Bh3 Ke7 29. Rd1 Rd8 30. Rxd8 Nxd8 31. Qd4 Qa6 32. Nd2 Qxe2 33. Qd6+ Ke8 34. Bf1 Qxh5 35. Bb5+ Nc6 36. Bxc6+ bxc6 37. Qxc6+ Bd7 38. Qa8+ Ke7 39. Qxa7 Qd5 40. Nf1 e5 41. Ne3 Qe6 42. Nc2 Qc4 43. Ne3 Qe6 44. Nc2 Kf7 45. Nb4 Kg6 46. Qb7 e4 47. c6 Bc8 48. Qb5 Qb3 49. c7 Qd1+ 50. Qf1 Qd6 51. Qc4 Qd1+ 52. Qf1 1/2-1/2

[Event "GER-ch U14"]
[Site "Willingen"]
[Date "2017.06.09"]
[Round "8"]
[White "Yankelevich, Michael"]
[Black "Bosselmann, Tom Linus"]
[Result "1/2-1/2"]
[WhiteElo "1944"]
[BlackElo "1955"]
[PlyCount "59"]
[EventDate "2017.06.04"]
[EventType "swiss"]
[EventRounds "9"]
[EventCountry "GER"]
[SourceTitle "CBM 178 Extra"]
[Source "ChessBase"]
[SourceDate "2017.06.22"]
[SourceVersion "1"]
[SourceVersionDate "2017.06.22"]
[SourceQuality "1"]

1. d4 Nf6 2. c4 e6 3. Nf3 b6 4. a3 Bb7 5. Nc3 Be7 6. Bf4 d5 7. cxd5 exd5 8. Qa4+ c6 9. e3 0-0 10. Bd3 Nbd7 11. 0-0 Re8 12. Qc2 Bf8 13. Ne5 c5 14. Bf5 g6 15. Nxd7 Nxd7 16. Bh3 a6 17. Rad1 c4 18. g3 f5 19. Bg2 Nf6 20. Be5 Ng4 21. Bf4 Nf6 22. h3 b5 23. Qe2 Qd7 24. Be5 Bg7 25. f3 Rad8 26. Rde1 Qe6 27. Qf2 Rf8 28. Qc2 Rde8 29. Kh2 Qd7 30. Rf2 1/2-1/2

[Event "GER-ch U14"]
[Site "Willingen"]
[Date "2017.06.08"]
[Round "7"]
[White "Koellner, Ruben Gideon"]
[Black "Yankelevich, Michael"]
[Result "1/2-1/2"]
[WhiteElo "2117"]
[BlackElo "1944"]
[PlyCount "44"]
[EventDate "2017.06.04"]
[EventType "swiss"]
[EventRounds "9"]
[EventCountry "GER"]
[SourceTitle "CBM 178 Extra"]
[Source "ChessBase"]
[SourceDate "2017.06.22"]
[SourceVersion "1"]
[SourceVersionDate "2017.06.22"]
[SourceQuality "1"]

1. d4 d5 2. Bf4 c5 3. e3 Nc6 4. c3 Nf6 5. Nd2 cxd4 6. exd4 Bf5 7. Ngf3 e6 8. Qb3 Qc8 9. Ne5 Nd7 10. Nxc6 bxc6 11. Qa4 a5 12. Be2 Be7 13. 0-0 0-0 14. Rac1 Qb7 15. Qb3 Qxb3 16. axb3 c5 17. Bb5 Ra7 18. Nf3 Rc8 19. Ra1 Nb8 20. dxc5 Bxc5 21. Nd4 Be4 22. Rfc1 h6 1/2-1/2

[Event "Rheinland Pfalz op 8th"]
[Site "Reil an der Mosel"]
[Date "2016.05.26"]
[Round "1"]
[White "Klinke, Roland"]
[Black "Yankelevich, Michael"]
[Result "0-1"]
[WhiteElo "1490"]
[BlackElo "1960"]
[PlyCount "98"]
[EventDate "2016.05.26"]
[EventType "swiss"]
[EventRounds "7"]
[EventCountry "GER"]
[SourceTitle "EXT 2018"]
[Source "ChessBase"]
[SourceDate "2017.10.13"]
[SourceVersion "1"]
[SourceVersionDate "2017.10.13"]
[SourceQuality "1"]

1. d4 d5 2. c4 c6 3. Nf3 e6 4. e3 Nf6 5. Bd3 dxc4 6. Bxc4 Bd6 7. Nc3 Nbd7 8. 0-0 b5 9. Bb3 Bb7 10. a3 a6 11. Re1 0-0 12. e4 e5 13. Bg5 h6 14. Bh4 Qc7 15. Rc1 Rae8 16. d5 c5 17. Re2 Nh5 18. Rec2 Nf4 19. Ne2 Ng6 20. Bg3 Nf6 21. Nc3 Qe7 22. Qe2 Nh5 23. h3 Ngf4 24. Bxf4 Nxf4 25. Qe1 Nd3 26. Qd2 Nxc1 27. Qxc1 f5 28. Rd2 f4 29. Qd1 Bc8 30. Qe1 Rf6 31. Nh4 g5 32. Nf5 Bxf5 33. exf5 e4 34. Bd1 Qe5 35. Nxe4 Qxe4 36. Re2 Qxe2 37. Bxe2 Rxf5 38. Qd2 Rfe5 39. Bf3 Re1+ 40. Kh2 c4 41. Qc2 Kg7 42. Qc3+ R8e5 43. Qd4 Kf7 44. Qa7+ Re7 45. Qxa6 Bc5 46. Qxh6 Bxf2 47. Bh5+ Kg8 48. Qg6+ Rg7 49. Qe8+ Rxe8 0-1

[Event "Rheinland Pfalz op 8th"]
[Site "Reil an der Mosel"]
[Date "2016.05.26"]
[Round "2"]
[White "Yankelevich, Michael"]
[Black "Barzen, Pascal"]
[Result "0-1"]
[WhiteElo "1960"]
[BlackElo "2259"]
[PlyCount "84"]
[EventDate "2016.05.26"]
[EventType "swiss"]
[EventRounds "7"]
[EventCountry "GER"]
[SourceTitle "EXT 2018"]
[Source "ChessBase"]
[SourceDate "2017.10.13"]
[SourceVersion "1"]
[SourceVersionDate "2017.10.13"]
[SourceQuality "1"]

1. e4 c6 2. d4 d5 3. exd5 cxd5 4. Bd3 Nc6 5. c3 Nf6 6. Bf4 g6 7. Nf3 Bf5 8. Bxf5 gxf5 9. Ne5 e6 10. Nd2 Bd6 11. Ndf3 Qc7 12. Bg3 Ne4 13. Nxc6 Qxc6 14. Bxd6 Qxd6 15. Ne5 Rg8 16. g3 Rg7 17. Qa4+ Ke7 18. Qb5 Qc7 19. Nd3 h5 20. Qb4+ Ke8 21. 0-0-0 h4 22. Rhg1 hxg3 23. hxg3 a5 24. Qa3 Qd6 25. Qxd6 Nxd6 26. Rh1 Ke7 27. Rh2 b5 28. Rdh1 Rgg8 29. Rh7 Rab8 30. a3 Rb7 31. Ne5 Rc7 32. Kd2 b4 33. axb4 axb4 34. cxb4 Rb8 35. Nxf7 Ne4+ 36. Ke3 Nf6 37. Rg7 Kf8 38. Rg6 Kxf7 39. Rhh6 Ng8 40. Rh7+ Kxg6 41. Rxc7 Rxb4 42. Rc6 Kf6 0-1